[Event "MCRE_KT16"]
[Site "?"]
[Date "2005.??.??"]
[Round "?"]
[White "Kelbl, Jiri"]
[Black "Stika, Vaclav"]
[Result "0-1"]
[WhiteElo "1600"]
[BlackElo "2000"]
[PlyCount "48"]
[EventDate "2005.??.??"]
[EventType "schev (corr)"]
[EventRounds "2"]
[SourceDate "2006.01.09"]

1. e4 e5 2. Nf3 Nc6 3. Bb5 a6 4. Ba4 Nf6 5. O-O Be7 6. Re1 b5 7. Bb3 O-O 8. a4
b4 9. c3 d6 10. h3 Rb8 11. d4 bxc3 12. bxc3 exd4 13. cxd4 d5 14. e5 Ne4 15. Ba3
Bxa3 16. Nxa3 Bf5 17. Re3 Re8 18. Nc2 Re6 19. Nd2 Nxd2 20. Qxd2 Rxb3 21. Ne1
Rb4 22. Nf3 Be4 23. Rc3 Bxf3 24. Rxf3 Rxd4 0-1

[Event "MCRE_KT16"]
[Site "?"]
[Date "2005.??.??"]
[Round "?"]
[White "Tyrlik, Jaroslav"]
[Black "Kelbl, Jiri"]
[Result "1-0"]
[WhiteElo "1993"]
[BlackElo "1600"]
[PlyCount "55"]
[EventDate "2005.??.??"]
[EventType "schev (corr)"]
[EventRounds "2"]
[SourceDate "2006.01.09"]

1. d4 Nf6 2. Nf3 g6 3. c4 d5 4. cxd5 Nxd5 5. e4 Nb6 6. Bf4 Bg7 7. Qc2 c6 8. Nc3
O-O 9. h4 Bg4 10. Ne5 Be6 11. O-O-O N8d7 12. h5 Nxe5 13. Bxe5 Bxe5 14. dxe5 Qc7
15. f4 Bg4 16. Be2 Bxe2 17. Qxe2 Kg7 18. Qg4 Rad8 19. Qh4 Rh8 20. Rxd8 Qxd8 21.
Rd1 Qc7 22. Kb1 a6 23. Ne2 Nc4 24. h6+ Kf8 25. b3 Nb6 26. f5 Ke8 27. e6 f6 28.
Nf4 1-0

[Event "MCRE_KT16"]
[Site "?"]
[Date "2005.??.??"]
[Round "?"]
[White "Kelbl, Jiri"]
[Black "Tyrlik, Jaroslav"]
[Result "0-1"]
[WhiteElo "1600"]
[BlackElo "1993"]
[PlyCount "50"]
[EventDate "2005.??.??"]
[EventType "schev (corr)"]
[EventRounds "2"]
[SourceDate "2006.01.09"]

1. e4 e6 2. d4 d5 3. e5 c5 4. c3 Nc6 5. Nf3 Qb6 6. Be2 cxd4 7. cxd4 Nge7 8. Na3
Nf5 9. Nc2 Bb4+ 10. Kf1 Be7 11. h4 h5 12. g3 f6 13. Kg2 O-O 14. b3 fxe5 15.
dxe5 Bc5 16. Rf1 Bd7 17. Bb2 a5 18. Ba3 Nb4 19. Bxb4 axb4 20. Qd2 Bc6 21. Qg5
d4 22. Qxh5 Nh6 23. Qg6 d3 24. Qxd3 Rad8 25. Qg6 Rd2 0-1

[Event "MCRE_KT16"]
[Site "?"]
[Date "2005.??.??"]
[Round "?"]
[White "Rotter, Walter"]
[Black "Kelbl, Jiri"]
[Result "1-0"]
[WhiteElo "1964"]
[BlackElo "1600"]
[PlyCount "55"]
[EventDate "2005.??.??"]
[EventType "schev (corr)"]
[EventRounds "2"]
[SourceDate "2006.01.09"]

1. d4 Nf6 2. c4 g6 3. Nf3 d5 4. Nc3 Bg7 5. cxd5 Nxd5 6. e4 Nxc3 7. bxc3 c5 8.
Rb1 O-O 9. Be2 cxd4 10. cxd4 Qa5+ 11. Bd2 Qxa2 12. O-O b6 13. Qc1 Bb7 14. Bc4
Qa4 15. Bb5 Qa2 16. Re1 Rc8 17. Qd1 Qc2 18. Qe2 Qc7 19. Rbc1 Qd8 20. Rxc8 Qxc8
21. Rc1 Qd8 22. Bf4 a5 23. Bc7 Qc8 24. Rc4 Qe6 25. Ng5 Qf6 26. h4 e6 27. Be5
Qd8 28. Qf3 1-0

[Event "MCRE_KT16"]
[Site "?"]
[Date "2005.??.??"]
[Round "?"]
[White "Kelbl, Jiri"]
[Black "Cerveny, Libor"]
[Result "0-1"]
[WhiteElo "1600"]
[BlackElo "2094"]
[PlyCount "66"]
[EventDate "2005.??.??"]
[EventType "schev (corr)"]
[EventRounds "2"]
[SourceDate "2006.01.09"]

1. e4 e6 2. d4 d5 3. e5 c5 4. c3 Nc6 5. Nf3 Qb6 6. Bd3 cxd4 7. cxd4 Bd7 8. O-O
Nxd4 9. Nxd4 Qxd4 10. Nc3 a6 11. Qe2 Ne7 12. Kh1 Nc6 13. f4 Nb4 14. Rd1 Nxd3
15. Rxd3 Qb6 16. Be3 Bc5 17. Bxc5 Qxc5 18. Qd2 Qe7 19. Rc1 O-O 20. Ne2 Bb5 21.
Rdc3 Bxe2 22. Qxe2 Rad8 23. Qd2 f6 24. Qd4 fxe5 25. fxe5 Qg5 26. Re1 Rf7 27.
Rf3 Rxf3 28. gxf3 Rf8 29. Rf1 Rc8 30. f4 Qf5 31. Qa4 h6 32. Qb3 Rc2 33. Re1 Rf2
0-1

[Event "MCRE_KT16"]
[Site "?"]
[Date "2005.??.??"]
[Round "?"]
[White "Tyrlik, Jaroslav"]
[Black "Cerveny, Libor"]
[Result "1-0"]
[WhiteElo "1993"]
[BlackElo "2094"]
[PlyCount "109"]
[EventDate "2005.??.??"]
[EventType "schev (corr)"]
[EventRounds "2"]
[SourceDate "2006.01.09"]

1. d4 d5 2. Nf3 Nc6 3. c4 Bg4 4. Nc3 e6 5. cxd5 exd5 6. a3 a6 7. h3 Bf5 8. Bg5
Be7 9. Bxe7 Ngxe7 10. e3 Qd6 11. Nh4 Qe6 12. g3 Be4 13. Bg2 f5 14. f3 Bb1 15.
Qxb1 Qxe3+ 16. Kf1 Nxd4 17. Qe1 Nc2 18. Qxe3 Nxe3+ 19. Kf2 d4 20. Ne2 O-O-O 21.
f4 Rhe8 22. Bf3 Ng6 23. Ng2 Nf8 24. Nc1 Nc4 25. Re1 Rxe1 26. Nxe1 Nd2 27. Ncd3
Ne4+ 28. Kg2 Nd7 29. Rc1 Ndf6 30. Ne5 c6 31. N1d3 Nd5 32. Bxe4 fxe4 33. Nc5 d3
34. Kf2 e3+ 35. Kf3 d2 36. Rd1 h5 37. Ne6 Rg8 38. Nc4 g6 39. Ng5 h4 40. Nxe3
Nxe3 41. Kxe3 hxg3 42. Rxd2 c5 43. Kf3 c4 44. Kxg3 Re8 45. Nf7 Kc7 46. h4 Re3+
47. Kg4 Re1 48. Rg2 b5 49. Kg5 c3 50. Kxg6 cxb2 51. Rxb2 Re4 52. Ng5 Ra4 53. h5
Rxa3 54. f5 Rd3 55. f6 1-0

[Event "MCRE_KT16"]
[Site "?"]
[Date "2005.??.??"]
[Round "?"]
[White "Kelbl, Jiri"]
[Black "Rotter, Walter"]
[Result "0-1"]
[WhiteElo "1600"]
[BlackElo "1964"]
[PlyCount "60"]
[EventDate "2005.??.??"]
[EventType "schev (corr)"]
[EventRounds "2"]
[SourceDate "2006.01.09"]

1. e4 e5 2. Nf3 Nf6 3. Nxe5 Qe7 4. d4 d6 5. Nf3 Qxe4+ 6. Be2 Bf5 7. O-O Qxc2 8.
Qxc2 Bxc2 9. Re1 Be7 10. Bg5 O-O 11. Nc3 Bd8 12. Rac1 Bg6 13. Rcd1 h6 14. Bf4
Nbd7 15. Bc4 Nb6 16. Bb3 a5 17. a4 Re8 18. Rxe8+ Nxe8 19. d5 Bf6 20. Nd4 Nd7
21. Ndb5 Nc5 22. Bc4 Bc2 23. Ra1 Bd3 24. Bxd3 Nxd3 25. Bc1 c6 26. dxc6 bxc6 27.
Na3 d5 28. Nc2 Nd6 29. Ne2 Nc4 30. Rb1 Re8 0-1

[Event "MCRE_KT16"]
[Site "?"]
[Date "2005.??.??"]
[Round "?"]
[White "Cerveny, Libor"]
[Black "Kelbl, Jiri"]
[Result "1-0"]
[WhiteElo "2094"]
[BlackElo "1600"]
[PlyCount "99"]
[EventDate "2005.??.??"]
[EventType "schev (corr)"]
[EventRounds "2"]
[SourceDate "2006.01.09"]

1. e4 e5 2. Nf3 Nc6 3. Bc4 Bc5 4. c3 Qe7 5. d4 Bb6 6. O-O d6 7. h3 Nf6 8. Re1
h6 9. a4 a6 10. Bd3 Bd7 11. a5 Ba7 12. Be3 O-O 13. Nbd2 Rfe8 14. d5 Nb8 15.
Bxa7 Rxa7 16. Nc4 Bc8 17. b4 Nbd7 18. Nh4 Nf8 19. Ne3 Ng6 20. Nxg6 fxg6 21. c4
Bd7 22. Qc2 Raa8 23. c5 Rec8 24. Ra3 g5 25. Rc3 Qd8 26. cxd6 cxd6 27. Nc4 Qe7
28. Nb6 Rxc3 29. Qxc3 Re8 30. Qc7 Bb5 31. Qxe7 Rxe7 32. Bxb5 axb5 33. Nc8 Rd7
34. Na7 Ne8 35. Nxb5 Nc7 36. Nxc7 Rxc7 37. Ra1 Rc8 38. b5 Kf7 39. a6 bxa6 40.
bxa6 Ra8 41. a7 Ke7 42. Kh2 h5 43. Kg3 Kd7 44. f3 Ke7 45. h4 Kf6 46. Ra6 Ke7
47. hxg5 g6 48. Kh4 Kd7 49. g3 Kc7 50. f4 1-0

[Event "MCRE_KT16"]
[Site "?"]
[Date "2005.??.??"]
[Round "?"]
[White "Cerveny, Libor"]
[Black "Rotter, Walter"]
[Result "1-0"]
[WhiteElo "2094"]
[BlackElo "1964"]
[PlyCount "77"]
[EventDate "2005.??.??"]
[EventType "schev (corr)"]
[EventRounds "2"]
[SourceDate "2006.01.09"]

1. e4 e5 2. Nf3 Nf6 3. d4 Nxe4 4. Bd3 d5 5. Nxe5 Nd7 6. Nxd7 Bxd7 7. O-O Qh4 8.
c4 O-O-O 9. c5 g5 10. Nc3 Bg7 11. g3 Qh3 12. Nxe4 dxe4 13. Bxe4 Bb5 14. Bg2 Qf5
15. Qb3 c6 16. Re1 Bxd4 17. Be3 Bxe3 18. Qxe3 g4 19. a4 Bc4 20. b4 Qd3 21. Qf4
Qd4 22. Be4 Be6 23. b5 f5 24. Bxf5 Bxf5 25. Qxf5+ Qd7 26. Qh5 Rhe8 27. Red1 Qg7
28. bxc6 bxc6 29. Qf5+ Kc7 30. Qf4+ Kb7 31. Rab1+ Ka8 32. Rd6 Rf8 33. Qe4 Rxd6
34. cxd6 Qd7 35. Qb4 Rd8 36. a5 Qc8 37. Qc5 Rd7 38. Re1 Rb7 39. Qh5 1-0

[Event "MCRE_KT16"]
[Site "?"]
[Date "2005.??.??"]
[Round "?"]
[White "Tyrlik, Jaroslav"]
[Black "Rotter, Walter"]
[Result "1-0"]
[WhiteElo "1993"]
[BlackElo "1964"]
[PlyCount "59"]
[EventDate "2005.??.??"]
[EventType "schev (corr)"]
[EventRounds "2"]
[SourceDate "2006.01.09"]

1. d4 Nf6 2. Nf3 d5 3. e3 e6 4. c4 a6 5. Nbd2 c5 6. cxd5 exd5 7. dxc5 Bxc5 8.
a3 O-O 9. b4 Bd6 10. Bd3 a5 11. bxa5 Bg4 12. O-O Nbd7 13. Bb2 Qxa5 14. h3 Be6
15. Nb3 Qd8 16. a4 Qe7 17. Nbd4 Nc5 18. Nb5 Nfe4 19. Bxe4 dxe4 20. Qd4 f6 21.
Nxd6 Nb3 22. Qxe4 Qxd6 23. Ba3 Qb6 24. Bxf8 Rxf8 25. a5 Qa6 26. Ra3 Qd6 27. Qa4
Qd5 28. e4 Qd3 29. Qb4 Rf7 30. Re1 1-0

[Event "MCRE_KT16"]
[Site "?"]
[Date "2005.??.??"]
[Round "?"]
[White "Rotter, Walter"]
[Black "Tyrlik, Jaroslav"]
[Result "0-1"]
[WhiteElo "1964"]
[BlackElo "1993"]
[PlyCount "80"]
[EventDate "2005.??.??"]
[EventType "schev (corr)"]
[EventRounds "2"]
[SourceDate "2006.01.09"]

1. d4 d5 2. c4 e6 3. Nc3 Nf6 4. cxd5 exd5 5. Bg5 c6 6. e3 h6 7. Bh4 Bf5 8. Qf3
Bg6 9. Bxf6 Qxf6 10. Qxf6 gxf6 11. O-O-O Nd7 12. Bd3 Bxd3 13. Rxd3 f5 14. Nge2
Nf6 15. f3 Kd7 16. Ng3 f4 17. exf4 h5 18. Nf5 h4 19. Nd1 Nh5 20. Rb3 b5 21. g3
Ng7 22. Nxh4 Be7 23. Ng2 Nf5 24. Nf2 Nxd4 25. Rd3 Nf5 26. Rdd1 Kc7 27. Nd3 Rag8
28. Ne5 Rg7 29. Ng4 Rgh7 30. Rhe1 Bd6 31. Re2 Rxh2 32. Nxh2 Nxg3 33. Rc2 Rxh2
34. Kb1 Nf5 35. a4 Kb6 36. axb5 Kxb5 37. Rd3 d4 38. Ne3 Rh1+ 39. Rd1 Rxd1+ 40.
Nxd1 Bxf4 0-1

[Event "MCRE_KT16"]
[Site "?"]
[Date "2005.??.??"]
[Round "?"]
[White "Spicka, Zdenek"]
[Black "Cerveny, Libor"]
[Result "0-1"]
[WhiteElo "1906"]
[BlackElo "2094"]
[PlyCount "66"]
[EventDate "2005.??.??"]
[EventType "schev (corr)"]
[EventRounds "2"]
[SourceDate "2006.01.09"]

1. e4 e6 2. Nf3 d5 3. e5 c5 4. c3 d4 5. Bd3 Nc6 6. O-O Nge7 7. Re1 Ng6 8. g3
Be7 9. h4 Qc7 10. Qe2 f6 11. cxd4 cxd4 12. exf6 gxf6 13. Bxg6+ hxg6 14. Qe4 f5
15. Qe2 d3 16. Qe3 Bd7 17. Na3 O-O-O 18. Qxd3 Bc5 19. Ng5 f4 20. Qc3 Bb4 21.
Qd3 fxg3 22. Qxg3 Bd6 23. Qg4 Bh2+ 24. Kf1 e5 25. Qc4 Bf5 26. Nb5 Qb6 27. Re3
Bf4 28. Nf7 Kb8 29. Rc3 Rxh4 30. Nxd8 Rh1+ 31. Ke2 Qxd8 32. d4 Bg4+ 33. f3 Rh2+
0-1

[Event "MCRE_KT16"]
[Site "?"]
[Date "2005.??.??"]
[Round "?"]
[White "Kelbl, Jiri"]
[Black "Spicka, Zdenek"]
[Result "0-1"]
[WhiteElo "1600"]
[BlackElo "1906"]
[PlyCount "58"]
[EventDate "2005.??.??"]
[EventType "schev (corr)"]
[EventRounds "2"]
[SourceDate "2006.01.09"]

1. e4 e5 2. Nf3 Nc6 3. Bb5 a6 4. Ba4 Nf6 5. O-O b5 6. Bb3 Bc5 7. a4 Bb7 8. d3
d6 9. Nc3 b4 10. Ne2 O-O 11. Ng3 h6 12. h3 Na5 13. Ba2 Bc6 14. Bb1 Rb8 15. Nf5
Bd7 16. Ne3 Be6 17. Bd2 Re8 18. Ba2 Bxa2 19. Rxa2 b3 20. Ra1 bxc2 21. Qxc2 Nb3
22. Rab1 Qd7 23. a5 Qb5 24. Nc4 Nxd2 25. Nfxd2 d5 26. exd5 Nxd5 27. Rfe1 Nb4
28. Qc3 Bd4 29. Qa3 Nc2 0-1

[Event "MCRE_KT16"]
[Site "?"]
[Date "2005.??.??"]
[Round "?"]
[White "Spicka, Zdenek"]
[Black "Kelbl, Jiri"]
[Result "1-0"]
[WhiteElo "1906"]
[BlackElo "1600"]
[PlyCount "57"]
[EventDate "2005.??.??"]
[EventType "schev (corr)"]
[EventRounds "2"]
[SourceDate "2006.01.09"]

1. e4 e5 2. Nf3 Nf6 3. d4 Nxe4 4. Bd3 d5 5. Nxe5 Nd7 6. Nxd7 Bxd7 7. O-O Qh4 8.
c4 O-O-O 9. c5 g5 10. Be3 Re8 11. f3 Nf6 12. Bf2 Qh6 13. Nc3 g4 14. f4 g3 15.
Bxg3 Rg8 16. Re1 Bg7 17. Rxe8+ Rxe8 18. Qf3 c6 19. Bf2 Ng4 20. h3 Nxf2 21. Qxf2
Qh5 22. Ne2 f5 23. b4 Qf7 24. a4 a6 25. b5 axb5 26. axb5 cxb5 27. Nc3 Qf6 28.
Ra8+ Kc7 29. Nxd5+ 1-0

[Event "MCRE_KT16"]
[Site "?"]
[Date "2005.??.??"]
[Round "?"]
[White "Rotter, Walter"]
[Black "Cerveny, Libor"]
[Result "0-1"]
[WhiteElo "1964"]
[BlackElo "2094"]
[PlyCount "108"]
[EventDate "2005.??.??"]
[EventType "schev (corr)"]
[EventRounds "2"]
[SourceDate "2006.01.09"]

1. d4 d5 2. c4 c6 3. Nc3 Nf6 4. Nf3 dxc4 5. a4 Bf5 6. e3 e6 7. Bxc4 Bb4 8. O-O
Nbd7 9. Qe2 O-O 10. e4 Bg6 11. Bd3 h6 12. Bf4 Re8 13. h3 a6 14. Rfd1 Qb6 15. e5
Bxd3 16. Rxd3 Nd5 17. Nxd5 cxd5 18. Nh4 Be7 19. Nf3 Rec8 20. Qd2 Bb4 21. Qe3
Nf8 22. h4 Ng6 23. Bxh6 gxh6 24. h5 Nh8 25. Rb3 Kf8 26. a5 Qb5 27. Qxh6+ Ke7
28. Ng5 Kd7 29. Rf3 Re8 30. Nxf7 Nxf7 31. Rxf7+ Re7 32. Rxe7+ Bxe7 33. Qd2 Rh8
34. g4 Kc8 35. Kg2 Kb8 36. Kg3 Bb4 37. Qe3 Bxa5 38. h6 Bb6 39. g5 Qe8 40. f4
Qg6 41. Rh1 Bd8 42. Kf3 Qf5 43. Rg1 Rf8 44. Kg3 Rg8 45. Kh2 Bb6 46. Rg3 Rc8 47.
Rg2 Rc4 48. Rd2 Rc1 49. Kg3 Ba5 50. Rh2 Qb1 51. Kh4 Re1 52. Qf2 Qg6 53. Kg4 Rd1
54. Qe2 Qf5+ 0-1

[Event "MCRE_KT16"]
[Site "?"]
[Date "2005.??.??"]
[Round "?"]
[White "Tyrlik, Jaroslav"]
[Black "Spicka, Zdenek"]
[Result "1/2-1/2"]
[WhiteElo "1993"]
[BlackElo "1906"]
[PlyCount "87"]
[EventDate "2005.??.??"]
[EventType "schev (corr)"]
[EventRounds "2"]
[SourceDate "2006.01.09"]

1. d4 Nf6 2. c4 e6 3. Nf3 Bb4+ 4. Bd2 Qe7 5. c5 Bxd2+ 6. Nbxd2 d6 7. cxd6 cxd6
8. e4 O-O 9. e5 dxe5 10. dxe5 Nfd7 11. Bd3 Nc6 12. O-O Ndxe5 13. Nxe5 Nxe5 14.
Bxh7+ Kxh7 15. Qh5+ Kg8 16. Qxe5 Rd8 17. Nc4 b6 18. Rfd1 Bb7 19. Ne3 Rxd1+ 20.
Rxd1 Rc8 21. h3 Qc7 22. Qg5 Kf8 23. a4 Ba6 24. Qh5 Kg8 25. b4 Rd8 26. Rxd8+
Qxd8 27. b5 Bb7 28. Qe5 Kh7 29. h4 a6 30. h5 axb5 31. axb5 Qd7 32. Qb8 Be4 33.
Qxb6 Bd3 34. Qc6 Bxb5 35. Qe4+ Kg8 36. Qe5 Be2 37. f3 f6 38. Qb2 Bd3 39. Ng4
Qa7+ 40. Nf2 Bc4 41. Qc3 Bd5 42. g4 Qb8 43. Kf1 Kf7 44. Qe3 1/2-1/2

[Event "MCRE_KT16"]
[Site "?"]
[Date "2005.??.??"]
[Round "?"]
[White "Spicka, Zdenek"]
[Black "Tyrlik, Jaroslav"]
[Result "0-1"]
[WhiteElo "1906"]
[BlackElo "1993"]
[PlyCount "86"]
[EventDate "2005.??.??"]
[EventType "schev (corr)"]
[EventRounds "2"]
[SourceDate "2006.01.09"]

1. e4 e6 2. d4 d5 3. Nc3 Nf6 4. Bg5 dxe4 5. Nxe4 Nbd7 6. Nxf6+ Nxf6 7. Nf3 h6
8. Bh4 Qd5 9. Bxf6 gxf6 10. Bd3 Bd7 11. O-O O-O-O 12. c4 Qh5 13. Be4 f5 14. Bc2
Rg8 15. Ne5 Qh3 16. Qf3 Qxf3 17. Nxf3 Bg7 18. Rab1 Bc6 19. d5 exd5 20. Bxf5+
Kb8 21. c5 d4 22. Bh7 Rge8 23. Rfe1 d3 24. Rxe8 Bxe8 25. Nd2 Bb5 26. Rd1 Bd4
27. b3 Bxc5 28. a4 Ba6 29. Nc4 Bxc4 30. bxc4 d2 31. Kf1 Bb4 32. Ke2 c6 33. Bc2
a5 34. Rb1 Re8+ 35. Kd3 Kc7 36. Rd1 Rd8+ 37. Ke3 Kb6 38. Bd3 Kc5 39. Be2 Re8+
40. Kd3 Rxe2 41. Kxe2 Kxc4 42. Rb1 b5 43. axb5 cxb5 0-1

[Event "MCRE_KT16"]
[Site "?"]
[Date "2005.??.??"]
[Round "?"]
[White "Tyrlik, Jaroslav"]
[Black "Stika, Vaclav"]
[Result "1/2-1/2"]
[WhiteElo "1993"]
[BlackElo "2000"]
[PlyCount "97"]
[EventDate "2005.??.??"]
[EventType "schev (corr)"]
[EventRounds "2"]
[SourceDate "2006.01.09"]

1. d4 d5 2. Nf3 Nf6 3. e3 e6 4. c4 Nbd7 5. Nbd2 c5 6. cxd5 exd5 7. b3 Bd6 8.
Bb2 O-O 9. Be2 b6 10. Qc2 Bb7 11. Qf5 Qe7 12. O-O Qe6 13. Bd3 a5 14. Ne5 Qxf5
15. Bxf5 Nb8 16. Rfd1 a4 17. bxa4 Rxa4 18. dxc5 bxc5 19. a3 Rd8 20. Rab1 Nc6
21. Nec4 dxc4 22. Bxf6 gxf6 23. Rxb7 Na5 24. Rbb1 Be7 25. Ne4 Rxd1+ 26. Rxd1
Rxa3 27. Kf1 h5 28. h4 Nb3 29. Rd7 Ra1+ 30. Ke2 Kf8 31. Nc3 Ke8 32. Kf3 Nd4+
33. exd4 Ra3 34. Ke4 Rxc3 35. Rc7 cxd4 36. Kxd4 Bd8 37. Rc8 Rc1 38. Kd5 c3 39.
g4 Rh1 40. f3 Ke7 41. Rxc3 Rxh4 42. Ke4 Rh1 43. gxh5 Rxh5 44. Rc1 Rh2 45. f4
Rf2 46. Rc6 Ba5 47. Ke3 Rh2 48. Kf3 Rh1 49. Rc4 1/2-1/2

[Event "MCRE_KT16"]
[Site "?"]
[Date "2005.??.??"]
[Round "?"]
[White "Cerveny, Libor"]
[Black "Stika, Vaclav"]
[Result "1-0"]
[WhiteElo "2094"]
[BlackElo "2000"]
[PlyCount "87"]
[EventDate "2005.??.??"]
[EventType "schev (corr)"]
[EventRounds "2"]
[SourceDate "2006.01.09"]

1. e4 c5 2. Nf3 d6 3. d4 cxd4 4. Nxd4 Nf6 5. Nc3 g6 6. Be3 Bg7 7. f3 O-O 8. Qd2
Nc6 9. Bc4 Qc7 10. Bb3 Bd7 11. O-O-O Na5 12. g4 Nxb3+ 13. Nxb3 Be6 14. h4 Bxb3
15. axb3 Qa5 16. Kb1 Rfc8 17. h5 Rc6 18. hxg6 hxg6 19. Qh2 Rac8 20. Rd4 Qe5 21.
Qxe5 dxe5 22. Rb4 b6 23. Ra4 a5 24. g5 Nd7 25. Rd1 Rd6 26. Rxd6 exd6 27. Nd5
Rb8 28. b4 axb4 29. Rxb4 b5 30. Nc3 f5 31. Rxb5 Rxb5 32. Nxb5 f4 33. Bf2 Nf8
34. Nxd6 Ne6 35. Nc4 Nxg5 36. Nd2 Bf8 37. c3 Kf7 38. Kc2 Ke6 39. b4 Kd7 40. Kb3
Kc6 41. Kc4 Bd6 42. b5+ Kd7 43. Bc5 Bb8 44. Kb4 1-0

[Event "MCRE_KT16"]
[Site "?"]
[Date "2005.??.??"]
[Round "?"]
[White "Cerveny, Libor"]
[Black "Tyrlik, Jaroslav"]
[Result "1-0"]
[WhiteElo "2094"]
[BlackElo "1993"]
[PlyCount "225"]
[EventDate "2005.??.??"]
[EventType "schev (corr)"]
[EventRounds "2"]
[SourceDate "2006.01.09"]

1. e4 e6 2. d4 d5 3. Nd2 Nf6 4. e5 Nfd7 5. Bd3 c5 6. c3 Nc6 7. Ne2 a6 8. O-O
Be7 9. f4 f5 10. exf6 Nxf6 11. Nf3 O-O 12. Be3 c4 13. Bc2 b5 14. Ng3 Qe8 15.
Ne5 a5 16. Bd2 a4 17. a3 Ra7 18. Qe2 Bd6 19. Rae1 Re7 20. Nh1 Bb7 21. Nf2 Na5
22. Be3 Nc6 23. Nh3 Qh5 24. Rf3 Ne4 25. Nf2 Nb8 26. Qf1 Nd7 27. Rh3 Qe8 28.
Nxe4 dxe4 29. Qe2 Bd5 30. Bc1 Nf6 31. Qf2 Qb8 32. Qh4 Qb7 33. Ree3 g6 34. Reg3
Rg7 35. Bd1 Ne8 36. Qh6 Rf6 37. Rg4 Be7 38. Qh4 Nd6 39. Qe1 Rf8 40. Bc2 Nf5 41.
Be3 Bf6 42. Qe2 h5 43. Rgg3 Nxg3 44. Rxg3 Kh7 45. f5 Bxe5 46. fxg6+ Kg8 47.
dxe5 Rf5 48. Bd1 Qb8 49. Qe1 Qxe5 50. Bd4 Qf4 51. Bxg7 Kxg7 52. Bc2 h4 53. Re3
Re5 54. Qd2 h3 55. g3 Qg5 56. Qd4 Kxg6 57. Kf2 Rf5+ 58. Ke2 Qh5+ 59. Ke1 Rf6
60. Bxe4+ Kf7 61. Bxd5 Qxd5 62. Qxd5 exd5 63. Re5 Rd6 64. Rf5+ Kg6 65. Rf4 Kg5
66. Kf2 Re6 67. Rh4 Rf6+ 68. Ke2 Re6+ 69. Kd2 Rf6 70. Rxh3 Rf2+ 71. Kc1 Rf1+
72. Kc2 Rf2+ 73. Kb1 Rg2 74. Rh8 Kf5 75. Rb8 Ke4 76. Rxb5 d4 77. cxd4 Kxd4 78.
Rb4 Rxh2 79. Rxa4 Rg2 80. Ra8 Rxg3 81. Rd8+ Kc5 82. Kc2 Rg2+ 83. Rd2 Rg3 84.
Rh2 Rb3 85. Rh5+ Kc6 86. Rh8 Rg3 87. a4 Kc5 88. Rb8 Rg2+ 89. Kb1 Rg1+ 90. Ka2
Rg3 91. Rb5+ Kc6 92. Rb8 Kc5 93. Rb5+ Kc6 94. Rh5 Kb6 95. a5+ Ka6 96. Rc5 Re3
97. Rxc4 Kxa5 98. Rh4 Kb5 99. Rh8 Re5 100. Ka3 Kb6 101. Rb8+ Ka7 102. Rb4 Ka6
103. Kb3 Rg5 104. Ra4+ Kb5 105. Ra8 Rg3+ 106. Ka2 Re3 107. Rg8 Kb4 108. Rg4+
Kb5 109. b3 Re6 110. Ka3 Ra6+ 111. Kb2 Rd6 112. Ra4 Ra6 113. Rxa6 1-0

[Event "MCRE_KT16"]
[Site "?"]
[Date "2005.??.??"]
[Round "?"]
[White "Stika, Vaclav"]
[Black "Kelbl, Jiri"]
[Result "1-0"]
[WhiteElo "2000"]
[BlackElo "1600"]
[PlyCount "91"]
[EventDate "2005.??.??"]
[EventType "schev (corr)"]
[EventRounds "2"]
[SourceDate "2006.01.09"]

1. e4 e5 2. Nf3 Nc6 3. Bb5 a6 4. Ba4 Nf6 5. O-O Be7 6. Re1 b5 7. Bb3 d6 8. c3
O-O 9. h3 h6 10. d4 Re8 11. Nbd2 Bf8 12. Nf1 Bb7 13. Ng3 g6 14. Nh4 exd4 15.
Nxg6 Bg7 16. Nf5 Na5 17. Nxg7 Kxg7 18. Qd2 Ng8 19. Nf4 Nxb3 20. axb3 dxc3 21.
Qxc3+ Kh7 22. Nh5 f6 23. Ng3 Qe7 24. Bf4 Qf7 25. f3 Red8 26. Qc2 Kh8 27. b4
Rac8 28. Re3 Rd7 29. Rc3 Re8 30. Nf5 Qh7 31. Rd1 Red8 32. Rc1 c6 33. Qf2 Ne7
34. Nxh6 Ng6 35. Be3 Ne5 36. Rd1 Nc4 37. Qh4 Rf8 38. Bd4 Ne5 39. Kh2 Rdd8 40.
Bxe5 fxe5 41. f4 exf4 42. Rf1 Rde8 43. Rxf4 Rxf4 44. Qxf4 Qg6 45. Rg3 Qe6 46.
Nf7+ 1-0

[Event "MCRE_KT16"]
[Site "?"]
[Date "2005.??.??"]
[Round "?"]
[White "Stika, Vaclav"]
[Black "Tyrlik, Jaroslav"]
[Result "1/2-1/2"]
[WhiteElo "2000"]
[BlackElo "1993"]
[PlyCount "116"]
[EventDate "2005.??.??"]
[EventType "schev (corr)"]
[EventRounds "2"]
[SourceDate "2006.01.09"]

1. e4 e6 2. d4 d5 3. Nc3 Nf6 4. e5 Nfd7 5. f4 c5 6. Nf3 Nc6 7. Be3 Qb6 8. Na4
Qa5+ 9. c3 c4 10. b4 Qa6 11. Bd2 b5 12. Nc5 Qa3 13. Qc2 Nxc5 14. bxc5 b4 15.
Be2 b3 16. Bc1 Qxa2 17. Qxa2 bxa2 18. Rxa2 Be7 19. O-O Bd7 20. Be3 a5 21. Rb1
Bd8 22. Bd1 Bc7 23. Bc2 f5 24. h3 h6 25. Rb7 Kd8 26. Bf2 Kc8 27. Rb1 Ne7 28.
Bh4 Ng6 29. Bg3 Bc6 30. Bh2 Kd7 31. Rf1 Ne7 32. Bg3 Rhg8 33. Be1 Ra7 34. Bd2
Rb8 35. Bc1 Rab7 36. Ra3 g6 37. Re1 Nc8 38. Kf2 Na7 39. Ra1 Rg8 40. Rg1 Nc8 41.
g4 Ne7 42. Rg2 Rgb8 43. Rh2 Ra8 44. Ra3 fxg4 45. hxg4 Rh8 46. Kg2 h5 47. g5 Ke8
48. Nh4 Kf7 49. Kg1 Rf8 50. Nf3 Ra7 51. Rh3 Rb7 52. Kg2 Rfb8 53. Kf2 Nf5 54.
Nd2 Ra7 55. Kg2 Ke7 56. Kg1 Rf8 57. Bd1 Rb7 58. Kf2 Kf7 1/2-1/2

[Event "MCRE_KT16"]
[Site "?"]
[Date "2005.??.??"]
[Round "?"]
[White "Stika, Vaclav"]
[Black "Cerveny, Libor"]
[Result "0-1"]
[WhiteElo "2000"]
[BlackElo "2094"]
[PlyCount "99"]
[EventDate "2005.??.??"]
[EventType "schev (corr)"]
[EventRounds "2"]
[SourceDate "2006.01.09"]

1. e4 e6 2. d4 d5 3. e5 c5 4. dxc5 Nc6 5. Nf3 Bxc5 6. Bd3 f6 7. Qe2 fxe5 8.
Nxe5 Nf6 9. O-O Nxe5 10. Qxe5 O-O 11. Nc3 Bd6 12. Qg5 e5 13. Nb5 Bb8 14. Qh4 a6
15. Nc3 e4 16. Be2 Be5 17. Nd1 Be6 18. c3 Rc8 19. Bg5 h6 20. Bd2 Bd6 21. Be3
Qc7 22. Kh1 Rf7 23. Bd4 Kh7 24. f4 Ng8 25. f5 Rxf5 26. Rxf5 Bxf5 27. Ne3 Be6
28. Bg4 Qd7 29. Bxe6 Qxe6 30. Rf1 Ne7 31. Qh5 Kg8 32. g4 Rf8 33. Nf5 e3 34. Qh3
e2 35. Re1 Nxf5 36. gxf5 Rxf5 37. Qg2 Rf1+ 38. Rxf1 exf1=Q+ 39. Qxf1 Qe4+ 40.
Kg1 b5 41. Qf2 Bf4 42. h4 g5 43. hxg5 hxg5 44. Kf1 Qh1+ 45. Qg1 Qh3+ 46. Qg2 g4
47. Kg1 Qxg2+ 48. Kxg2 Kf7 49. Bf2 Ke6 50. Kf1 0-1

[Event "MCRE_KT16"]
[Site "?"]
[Date "2005.??.??"]
[Round "?"]
[White "Stika, Vaclav"]
[Black "Rotter, Walter"]
[Result "1-0"]
[WhiteElo "2000"]
[BlackElo "1964"]
[PlyCount "87"]
[EventDate "2005.??.??"]
[EventType "schev (corr)"]
[EventRounds "2"]
[SourceDate "2006.01.09"]

1. e4 e5 2. Nf3 Nf6 3. d4 exd4 4. e5 Ne4 5. Qxd4 d5 6. exd6 Nxd6 7. Nc3 Nc6 8.
Qf4 g6 9. Bd3 Bg7 10. O-O O-O 11. Be3 Be6 12. Bc5 b6 13. Ba3 Re8 14. Rfd1 Qf6
15. Qxf6 Bxf6 16. Nb5 Rec8 17. Nxd6 cxd6 18. Ba6 Rc7 19. Bxd6 Rd7 20. Ba3 Ne5
21. Nxe5 Rxd1+ 22. Rxd1 Bxe5 23. c4 Kg7 24. b3 Bc8 25. Bxc8 Rxc8 26. h3 Kf6 27.
g3 h5 28. f4 Bb8 29. Rd4 Ke6 30. Kg2 f5 31. Rd2 Rc6 32. Rd8 Bc7 33. Rg8 Kf7 34.
Ra8 a5 35. Kf3 Bd6 36. Ra7+ Ke6 37. Bxd6 Kxd6 38. a3 Kc5 39. Rd7 Re6 40. Rd5+
Kc6 41. Re5 Rd6 42. Ke2 Kd7 43. Ke3 Kc7 44. Re7+ 1-0

[Event "MCRE_KT16"]
[Site "?"]
[Date "2005.??.??"]
[Round "?"]
[White "Rotter, Walter"]
[Black "Stika, Vaclav"]
[Result "0-1"]
[WhiteElo "1964"]
[BlackElo "2000"]
[PlyCount "80"]
[EventDate "2005.??.??"]
[EventType "schev (corr)"]
[EventRounds "2"]
[SourceDate "2006.01.09"]

1. d4 d5 2. c4 c6 3. Nc3 Nf6 4. e3 e6 5. Nf3 Nbd7 6. Bd3 dxc4 7. Bxc4 b5 8. Bd3
a6 9. e4 c5 10. e5 cxd4 11. Nxb5 Nxe5 12. Nxe5 axb5 13. Bxb5+ Bd7 14. Nxd7 Qa5+
15. Bd2 Qxb5 16. Nxf8 Kxf8 17. b3 h5 18. f3 Nd5 19. a4 Qc5 20. O-O h4 21. b4
Nxb4 22. Rc1 Qd6 23. Rc4 Nd5 24. Qc2 Rd8 25. Rc1 h3 26. Rxd4 Qb6 27. Qc5+ Qxc5
28. Rxc5 Ke7 29. g4 Rb8 30. Kf2 Rb2 31. Kg3 f6 32. a5 g5 33. Rcc4 Rd8 34. Rc1
Rdb8 35. Kxh3 Ra2 36. Re1 Kf7 37. Kg3 Rbb2 38. Re2 Nf4 39. Rf2 e5 40. Rd6 Ra1
0-1